Význam medzinárodného pohybu pracovných síl pre Moldavskú republiku
Globalizácia vo svetovom hospodárstve spôsobuje nielen intenzívnejší pohyb kapitálu, ale aj intenzívnejší pohyb pracovných síl. V Moldavskej republike je migrácia pracovnej sily významným fenoménom, ktorý má veľký vplyv na ekonomickú a sociálnu stránku rozvoja Moldavskej republiky
Gespeichert in:
| 1. Verfasser: | |
|---|---|
| Format: | Buchkapitel |
| Sprache: | Slowakisch |
| Schlagworte: | |
| Tags: |
Keine Tags, Fügen Sie das erste Tag hinzu!
|
MARC
| LEADER | 00000naa a2200000 4500 | ||
|---|---|---|---|
| 001 | 0120457 | ||
| 005 | 20240502072344.4 | ||
| 041 | 0 | |a slo | |
| 044 | |a SK | ||
| 245 | 1 | 0 | |a Význam medzinárodného pohybu pracovných síl pre Moldavskú republiku |c Leonid Raneta |
| 520 | |a Globalizácia vo svetovom hospodárstve spôsobuje nielen intenzívnejší pohyb kapitálu, ale aj intenzívnejší pohyb pracovných síl. V Moldavskej republike je migrácia pracovnej sily významným fenoménom, ktorý má veľký vplyv na ekonomickú a sociálnu stránku rozvoja Moldavskej republiky | ||
| 610 | 2 | 0 | |a pohyb síl pracovných medzinárodný |
| 610 | 2 | 0 | |a migrácia |
| 610 | 2 | 0 | |a globalizácia |
| 610 | 2 | 0 | |a Moldavsko |
| 100 | 1 | |a Raneta, Leonid, 1982- | |